Clash Royale Evolution Quiz - Statistics

General Stats
  • This quiz has been taken 832 times
    711 since last reset
  • The average score is 12 of 27
Answer Stats
Hint Answer % Correct
Larry Skeletons
89%
Skill Mega Knight
77%
Mommy PEKKA
74%
Archers
62%
Knight
60%
Tesla
53%
Valkyrie
52%
Firecracker
51%
Ice Spirit
51%
Wizard
51%
Goblin Barrel
49%
Zap
49%
Cannon
48%
Royal Giant
46%
Barbarians
45%
Goblin Giant
44%
Musketeer
40%
Electro Dragon
38%
Goblin Drill
33%
Mortar
33%
Goblin Cage
32%
Bomber
31%
Giant Snowball
31%
Battle Ram
28%
Wall Breakers
28%
Bats
25%
Royal Recruits
25%
No matching quizzes found
Score Distribution
Percent of People with Each Score
Percentile by Number Answered
Your Score History
You have not taken this quiz since the last reset